|
|
|
|
| LEADER |
00000nkmaa2200000 a 4500 |
| 001 |
vtls011739372 |
| 003 |
SK-MaSNL |
| 005 |
20260331211412.0 |
| 007 |
kh bo |
| 008 |
251016e1967 xo | |||0 k|slo |
| 035 |
|
|
|a 4349253B-B857-48F5-8AFE-D6435A66CC8B
|
| 035 |
|
|
|a urn:nbn:sk:snk-km43igl
|
| 035 |
|
|
|a urn:nbn:sk:snk-km00e5sp
|
| 040 |
|
|
|a SNKLA
|b slo
|c SNKLA
|e AACR2
|
| 041 |
0 |
|
|a slo
|
| 044 |
|
|
|a xo
|c SK
|
| 100 |
1 |
|
|a Borodáčová, Magda
|4 pht
|9 7370
|
| 245 |
1 |
0 |
|a [Slávnosť 150. výročia narodenia Jozefa Miloslava Hurbana v Hlbokom]
|h grafika
|
| 260 |
|
|
|a [S.l.
|b s.n.]
|c 1967
|
| 300 |
|
|
|a 1 fotografia
|b čb
|c 19 x 13 cm
|
| 520 |
2 |
|
|a Zobrazenie: Slávnosť 150. výročia narodenia Jozefa Miloslava Hurbana v Hlbokom, 18.3.1967. Na obr.: účastníci slávnosti pri náhrobnom pomníku J. M. Hurbana.
|
| 600 |
1 |
7 |
|a Hurban, Jozef Miloslav,
|d 1817-1888
|2 SNKMA
|9 93005
|
| 611 |
2 |
7 |
|a slávnosť 150. výročia narodenia Jozefa Miloslava Hurbana
|d 1967
|c Hlboké, Slovensko
|9 351030
|
| 651 |
|
7 |
|a Hlboké (Slovensko)
|2 SNKPH
|9 82370
|
| 655 |
|
7 |
|a fotografie
|2 SNKPH
|9 70713
|
| 710 |
2 |
|
|a Československá tlačová kancelária
|4 pht
|9 324511
|
| 852 |
7 |
|
|a Slovenská národná knižnica
|b Literárny archív
|
| 958 |
|
|
|a ZO
|
| 958 |
|
|
|a BLA
|
| 999 |
|
|
|c 596147
|d 598077
|
| 952 |
|
|
|a SNKLA
|b SNKLA
|c SNKLA_DEP
|y NEVYP
|7 0
|p 17A1227077
|o snkK 4a/121
|i snkLA 2011/1972
|0 0
|1 0
|4 0
|d 2018-01-30
|f 1
|l 0
|r 2026-02-23 15:39:06
|w 2026-02-23
|